Statistiques concernant Pays les plus proches des Emirats Arabes Unis

Cliquez ici pour prendre le quiz!

Statistiques générales

  • Ce quiz a été pris 135 fois
  • Le résultat moyen est 15 sur 20

Statistiques - réponses

kmpays% Correct
0Arabie Saoudite
99%
0Oman
97%
32Qatar
97%
66Iran
96%
443Yémen
96%
683Irak
93%
1488Jordanie
85%
1206Inde
84%
560Koweït
84%
1515Syrie
82%
529Pakistan
80%
627Afghanistan
79%
158Bahreïn
78%
1562Turquie
72%
1234Somalie
64%
1515Djibouti
53%
1165Turkménistan
49%
1108Érythrée
48%
1516Soudan
47%
1540Azerbaïdjan
34%

Distribution des résultats

Percentile par nombre de réponses

% des personnes avec chaque résultat

Votre développement - résultats

Vous n’avez pas pris ce quiz